000 00604nam a2200265Ia 4500
005 20260306164200.0
008 008 260114s9999 xx 000 0 eng d
020 _a9780226155517
037 _aEBOOK
040 _aCRL
040 _beng
040 _cCRL
041 _2eng
041 _aeng
084 _qCRL
100 _aShuster
_91130170
245 0 _aAutonomy After Auschwitz
260 _bUniversity of Chicago Press
260 _c2015
650 _aPhilosophy
856 _uhttps://academic.oup.com/book/265
942 _cEBOOK
999 _c1713079
_d1713079